| 000 | 00824nam a2200277 a 4500 | ||
|---|---|---|---|
| 001 | 75908 | ||
| 003 | BD-RjUL | ||
| 005 | 20211209082748.0 | ||
| 008 | 050204s1950 nyua b 000 0 eng | ||
| 035 | _a(BD-RjUL)76127 | ||
| 040 |
_aDLC _cDLC _beng _dBD-RjUL |
||
| 041 | _aeng | ||
| 082 |
_223 _a658.23 _bIML 1950 |
||
| 100 | 1 |
_aImmer, John R. _9232869 |
|
| 245 | 1 | 0 |
_aLayout planning techniques / _cJohn R. Immer. |
| 250 | _a1st ed. | ||
| 260 |
_aNew York : _bMcGraw-Hill, _c1950. |
||
| 300 |
_aviii, 430 p.: _billus.; _c24 cm. |
||
| 490 | 0 | _aMcGraw-Hill industrial organization and management series | |
| 504 | _aBibliography: p. 397-409. "List of visual aids": p. 411-416. | ||
| 650 | 0 |
_aIndustrial management. _9232870 |
|
| 942 |
_2ddc _cBK |
||
| 999 |
_c75908 _d75908 |
||